Pays qui ont accueillis les championnats du monde de natation. - Statistiques

Statistiques générales
  • Ce quiz a été pris 163 fois
  • Le résultat moyen est 17 sur 23
Statistiques - réponses
Années Pays % Correct
2023 Japon
96%
2001 Japon
96%
2011 Chine
93%
2009 Italie
91%
1994 Italie
91%
2013 Espagne
90%
2003 Espagne
90%
1986 Espagne
90%
2015 Russie
87%
1978 Allemagne (de l'ouest)
86%
2007 Australie
86%
1998 Australie
86%
1991 Australie
86%
2005 Canada
84%
2027 Hongrie
74%
2022 Hongrie
74%
2017 Hongrie
74%
2019 Corée du sud
69%
2024 Qatar
50%
1973 Yougoslavie
26%
1975 Colombie
20%
2025 Singapour
20%
1982 Equateur
8%
Aucun quiz correspondant
Distribution des résultats
% des personnes avec chaque résultat
Percentile par nombre de réponses
Votre historique - résultats
Vous n’avez pas pris ce quiz